The Effects of Regional Accents among the College of Education Students at the University of Rizal System - Rodriguez/ (Record no. 87077)

MARC details
000 -LEADER
fixed length control field 03351nam a22002537a 4500
003 - CONTROL NUMBER IDENTIFIER
control field URS
005 - DATE AND TIME OF LATEST TRANSACTION
control field 20251001112836.0
008 - FIXED-LENGTH DATA ELEMENTS--GENERAL INFORMATION
fixed length control field 251001b |||||||| |||| 00| 0 eng d
050 00 - LIBRARY OF CONGRESS CALL NUMBER
Classification number LG 221.59
Item number .D453 2025
100 1# - MAIN ENTRY--PERSONAL NAME
Personal name Descalsota, Rich Kimberly C.
Relator term Researcher
245 10 - TITLE STATEMENT
Title <a href="The Effects of Regional Accents among the College of Education Students at the University of Rizal System - Rodriguez/">The Effects of Regional Accents among the College of Education Students at the University of Rizal System - Rodriguez/</a>
Statement of responsibility, etc Rich Kimberly C. Descalsota, Mary Cris A. Emano [and] Charlote P. Gallegos
260 #1 - PUBLICATION, DISTRIBUTION, ETC. (IMPRINT)
Date of publication, distribution, etc year 2025
300 ## - PHYSICAL DESCRIPTION
Extent x, 33 leaves;
Other physical details illustrations,
Dimensions 28cm,
336 ## - CONTENT TYPE
Source rdacontent
Content type term text
337 ## - MEDIA TYPE
Source rdamedia
Media type term unmediated
338 ## - CARRIER TYPE
Source rdacarrier
Carrier type term volume
502 ## - DISSERTATION NOTE
Dissertation note Undergraduate Thesis<br/>
Degree type Bachelor of Secondary Education major in English<br/> <br/>
Name of granting institution University of Rizal System, Rodriguez, Rizal<br/>
Year degree granted 2025
520 ## - SUMMARY, ETC.
Summary, etc The study determined the effects of regional accents in three variables (1) Studies, (2) Peers, and (3) Employment. To achieve this, the researchers employed a quantitative research method and used purposive sampling to select thirty students from the College of Education at the University of Rizal Systern -Rodriguez for the Academic Year 2024-2025. A survey questionnaire was the primary tool used to collect data from these respondents.<br/><br/>The rationale behind this study was to address the gaps in understanding how regional accents might influence the three variables stated above, particularly in contexts where English is used as the medium of communication. The study sought to determine whether regional accents present obstacles in these key areas. The findings of the research indicated that the respondents generally did not view their regional accents as major barriers in any of the three areas studied.<br/><br/>On the variable one 'Studies', respondents showed only slight agreement with the idea that their regional accents affect their academic performance with a weighted mean score of 2.41. This suggests that they do not see their accents as significantly impacting their ability to perform academically. Similarly, the variable two 'Peers', respondents showed only slight agreement with the idea that their regional accents affect their academic performance on relationships with peers with a weighted mean score of 2.88. This implies that accents are not seen as a major factor affecting social interactions within the peer group. Lastly, the variable three 'Employment', in contrast to the other variables, the respondents showed disagreement with the Idea that regional accents affect their employment with a weighted mean score of 2,40. This indicates that they do not believe their accents pose significant challenges in securing or maintaining employment.<br/><br/>Overall, the study concluded that while there are specific challenges associated with regional accents, particularly in academic and professional contexts, these accents are generally not seen as significant barriers to educational or career success. The respondents' answers reflect a high level of tolerance and adaptability towards the variability in accents, suggesting that regional accents are not a major obstacle in the three areas studied.
650 ## - SUBJECT ADDED ENTRY--TOPICAL TERM
Source of heading or term Effects of Regional Accents.
700 ## - ADDED ENTRY--PERSONAL NAME
Personal name Emano, Mary Cris A.
Relator term Researcher
700 ## - ADDED ENTRY--PERSONAL NAME
Personal name Gallegos, Charlote P.
Relator term Researcher
700 ## - ADDED ENTRY--PERSONAL NAME
Personal name Dela Cruz, Romi M.
Relator term Adviser
942 ## - ADDED ENTRY ELEMENTS (KOHA)
Source of classification or shelving scheme Library of Congress Classification
Koha item type Theses and dissertations
Holdings
Withdrawn status Source of classification or shelving scheme Damaged status Not for loan Collection code Home library Current library Shelving location Date acquired Total Checkouts Full call number Barcode Date last seen Copy number Price effective from Koha item type
  Library of Congress Classification   Not For Loan Non-fiction Rodriguez College Library Rodriguez College Library Undergraduate Theses 10/01/2025   LG 221.R59 .D453 2025 URSROD-UGT-ENG-1508 10/01/2025 1 10/01/2025 Theses and dissertations

University of Rizal System
Email us at univlibservices@urs.edu.ph

Visit our Website www.urs.edu.ph/library